| 000 | 00817nam a22002177i 4500 | ||
|---|---|---|---|
| 999 |
_c22949 _d22949 |
||
| 003 | AR-CdUCM | ||
| 008 | 240801b20152015 pe||||| |||| 00| 0 spa d | ||
| 040 |
_aMUNICIPALIDAD PROVINCIAL DEL CUSCO _cBIBLIOTECA MUNICIPAL DEL CUSCO |
||
| 082 |
_aEP / 398.6/ M61J1 _bM61J1 |
||
| 100 |
_aMinisterio de Educación. _918298 |
||
| 245 |
_aJugando con las palabras : _badivinanzas, trabalenguas y juegos / |
||
| 260 |
_aLima : _bDirección General de Educación Básica Regular _c2015 |
||
| 300 |
_a48 páginas. : _bIlustraciones en color. _c20 cm. |
||
| 650 |
_aAdivinanzas _934933 |
||
| 650 |
_aTrabalenguas _948926 |
||
| 650 |
_aJuegos infantiles _99905 |
||
| 700 |
_aAlegría Sabogal, José Gabriel [Ilustrador] _950094 |
||
| 856 | _fhttps://repositorio.minedu.gob.pe/ | ||
| 942 |
_2ddc _cLIBROS |
||
| 945 |
_apbj _d2024-08-01 |
||